Hỏi, đáp về bộ luật lao động
Gồm 373 câu hỏi, đáp về Bộ luật lao động. Hợp đồng lao động, thoả ước lao động tập thể, tiền lương, kỷ luật, an toàn lao động, bảo hiểm xã hội, tranh chấp lao động v.v...
Na minha lista:
| Formato: | Livro |
|---|---|
| Idioma: | Vietnamese |
| Publicado em: |
H.
Lao động
2000
|
| Edição: | Tái bản, có sửa chữa, bổ sung |
| Assuntos: | |
| Tags: |
Adicionar Tag
Sem tags, seja o primeiro a adicionar uma tag!
|
| Thư viện lưu trữ: | Mạng thư viện Đại học Đà Nẵng |
|---|
| LEADER | 01485nam a22003978a 4500 | ||
|---|---|---|---|
| 001 | 000015048 | ||
| 003 | 11419 | ||
| 005 | 20120523090529.0 | ||
| 008 | 120521s2000 b 000 0 od | ||
| 020 | |c 50000đ |d 1000b | ||
| 041 | 0 | |a 0102 | |
| 041 | 0 | |a vie | |
| 080 | |a 34(V)9 | ||
| 082 | |a 344.597 |b Hoi | ||
| 084 | |a S617 |b H428Đ | ||
| 245 | 1 | 0 | |a Hỏi, đáp về bộ luật lao động |
| 250 | |a Tái bản, có sửa chữa, bổ sung | ||
| 260 | |a H. |b Lao động |c 2000 | ||
| 300 | |a 516tr |c 21cm | ||
| 500 | |a ĐTTS ghi: Bộ Lao động - Thương binh và Xã hội. - Phụ lục: tr. 456-516 | ||
| 520 | |a Gồm 373 câu hỏi, đáp về Bộ luật lao động. Hợp đồng lao động, thoả ước lao động tập thể, tiền lương, kỷ luật, an toàn lao động, bảo hiểm xã hội, tranh chấp lao động v.v... | ||
| 653 | |a Luật lao động | ||
| 653 | |a Hợp đồng lao động | ||
| 653 | |a Bảo hiểm xã hội | ||
| 653 | |a Tiền lương | ||
| 653 | |a Việc làm | ||
| OWN | |a LSP | ||
| AVA | |a UDN50 |b LSP |d 344.597 Hoi |e available |t Error 5001 Not defined in file expand_doc_bib_avail. |f 2 |g 0 |h N |i 0 |k 1 | ||
| 999 | |a From the UDN01 | ||
| AVA | |a UDN50 |b LSP |d 344.597 Hoi |e available |t Error 5001 Not defined in file expand_doc_bib_avail. |f 2 |g 0 |h N |i 0 |k 1 | ||
| TYP | |a Monograph | ||
| TYP | |a Printed language | ||
| 980 | |a Mạng thư viện Đại học Đà Nẵng | ||